000
00268 a2200097 4500
020
_a
9789357324380
100
_a
S. Sivadas
245
_a
Oppenheimer muthal ohm vare(ഓപ്പൺഹൈമർ മുതൽ ഓം വരെ)
260
_b
D C books
_c
2024
942
_c
OO
999
_c
115348
_d
115347